Cómo escuchar la música / (Registro nro. 13076)

Detalles MARC
000 -LIDER
fixed length control field 00823nam a22002657a 4500
003 - IDENTIFICACDOR DE NÚMERO DE CONTROL
control field DO-SdBNP
005 - DATE AND TIME OF LATEST TRANSACTION
control field 20171124111905.0
008 - ELEMENTOS DE LONGITUD FIJA
fixed length control field 161031b 1955 mx 00| 0 spa d
020 ## - ISBN
International Standard Book Number 9681606051
040 ## - FUENTE DE CATALOGACIÓN
Agencia que crea de manera original el registro BPMSU
Idioma de catalogación spa
Agencia que realiza la transcripción BPMSU
082 ## - NÚMERO DE CLASIFICACIÓN DECIMAL DE DEWEY
Classification number xxxx
Item number xxxx
100 ## - ASIENTO PRINCIPAL -- NOMBRE PERSONAL
Nombre personal Copland, Aaron
Fechas asociadas con el nombre 1900-1990
240 10 - TITULO UNIFORME
Título uniforme What to listen for in music /
245 10 - MENCIÓN DE TITULO
Título Cómo escuchar la música /
Mención de responsabilidad Aaron Copland : traducción Jesús Bal y Gay
250 ## - MENCIÓN DE EDICION
Mención de edición 7a. reimpresión del 1982
260 ## - PUBLICACIÓN, DISTRIBUCIÓN, ETC. (PIE DE IMPRENTA)
Lugar de publicación, distribución, etc México :
Nombre del editor, distribuidor, etc. Fondo de Cultura Económica,
Fecha de publicación, distribución, etc 1955.
Fecha de impresión 1982.
300 ## - DESCRIPCIÓN FÍSICA
Extensión 218 p. :
Otros detalles físicos part.
Dimensiones 18 cm.
490 0# - MENCIÓN DE SERIES
Mención de serie Breviarios
Volume/sequential designation 101
700 1# - ASIENTO SECUNDARIO -- NOMBRE PERSONAL
Nombre personal Bal y Gay, Jesús
Mención de responsabilidad trad
830 #0 - ASIENTO SECUNDARIO DE SERIE--TÍTULO UNIFORME
Título uniforme Breviarios
Número de la parte o sección de una obra 101
910 ## - VALIDACIÓN
Validación 000144
942 ## - ADDED ENTRY ELEMENTS (KOHA)
Source of classification or shelving scheme Dewey Decimal Classification
Koha item type Libros
945 ## - INFORMACIÓN DE PROCESAMIENTO LOCAL
Información de procesamiento local Inventariado extranjero / 2017 YL
956 ## - LOCAL ELECTRONIC LOCATION AND ACCESS (OCLC)
Nombre de host YLOCKWARD
Número de acceso 10
Información de compresión 20171124
Trayectoria 144
Existencias
Withdrawn status Lost status Source of classification or shelving scheme Damaged status Not for loan Collection code Home library Current library Date acquired Source of acquisition Total Checkouts Full call number Barcode Date last seen Price effective from Koha item type
    Dewey Decimal Classification     Colección General Biblioteca Pública Metropolitana Salomé Ureña Biblioteca Pública Metropolitana Salomé Ureña 11/24/2017 Obsequio Luis A. Ramón Hernández   xxxx xxxx BPMSU17110407 11/24/2017 11/24/2017 Libros